The way the new technology works : Clear, simple, illustrated descriptions ofthe technological miracles of our time

Kaydedildi:
Detaylı Bibliyografya
Yazar: Marsh, Ken
Materyal Türü: Kitap
Dil:Undetermined
Baskı/Yayın Bilgisi: New York Simon and Schuster 1982
Konular:
Etiketler: Etiketle
Etiket eklenmemiş, İlk siz ekleyin!
Thư viện lưu trữ: Trung tâm Học liệu Trường Đại học Cần Thơ
LEADER 00615nam a2200193Ia 4500
001 CTU_77686
008 210402s9999 xx 000 0 und d
082 |a 621.38 
082 |b M365 
100 |a Marsh, Ken 
245 4 |a The way the new technology works : 
245 0 |b Clear, simple, illustrated descriptions ofthe technological miracles of our time 
245 0 |c Ken Marsh 
260 |a New York 
260 |b Simon and Schuster 
260 |c 1982 
650 |a Electronic data processing,Telecommunication 
650 |x Popular works,Popular works 
980 |a Trung tâm Học liệu Trường Đại học Cần Thơ